Normal view
MARC view
- تأليف العمري،ح سين منصور
Entry Personal Name
001 - CONTROL NUMBER
- control field: 43797
003 - CONTROL NUMBER IDENTIFIER
- control field: JO-AjAnu
005 - DATE AND TIME OF LATEST TRANSACTION
- control field: 20230606081245.0
008 - FIXED-LENGTH DATA ELEMENTS
- fixed length control field: 230606|| aca||aabn | a|a d
040 ## - CATALOGING SOURCE
- Original cataloging agency: JO-AjAnu
- Transcribing agency: JO-AjAnu
100 ## - HEADING--PERSONAL NAME
- Personal name: تأليف العمري،ح سين منصور
670 ## - SOURCE DATA FOUND
- Source citation: Work cat.: (JO-AjAnu)22423: تأليف العمري،ح سين منصور, author, إشكالية التناقض " مسرحيات سعدالله ونوس أنموذجا "